000 00611nam a22001937a 4500
003 OSt
005 20230928101408.0
008 230928b |||||||| |||| 00| 0 eng d
040 _cLadoV
082 _a751.45
_bB471n
100 _aBennett, Gordon
_eautor
_91117
245 _aNotes to Basquiat: Modern Art/
260 _c2001
_aSherman Galleries
_bAustralia
300 _a5 p.
_c21x30cm
650 _2Tesauro de Arte & Arquitectura
_aARTE
650 _2Tesauro de Arte & Arquitectura
_aPINTURA
650 _2Tesauro de Arte & Arquitectura
_aACRÍLICO
942 _2ddc
_c1
_h751.45
_iB471n
_n0
999 _c4412
_d4412